[Event "Fejer County-ch"]
[Site "Fejer Region"]
[Date "2016.11.06"]
[Round "4"]
[White "Vasvari, Tamas"]
[Black "Horvath, Miklos1111"]
[Result "1-0"]
[WhiteElo "2121"]
[BlackElo "1673"]
[PlyCount "91"]
[EventDate "2016.11.05"]
[EventType "swiss"]
[EventRounds "7"]
[EventCountry "HUN"]
[SourceTitle "EXT 2018"]
[Source "ChessBase"]
[SourceDate "2017.10.13"]
[SourceVersion "1"]
[SourceVersionDate "2017.10.13"]
[SourceQuality "1"]

1. e4 e6 2. d4 d5 3. Nd2 c6 4. Ngf3 Nd7 5. Bd3 dxe4 6. Nxe4 Ngf6 7. 0-0 h6 8. Qe2 Be7 9. c3 Qc7 10. Bd2 Nd5 11. Bc2 N7f6 12. Nxf6+ Bxf6 13. Ne5 Bxe5 14. dxe5 b5 15. Rfe1 Bb7 16. Qg4 g6 17. a4 a6 18. b3 Qe7 19. c4 Nb4 20. Bxg6 0-0-0 21. Bxb4 Qxb4 22. Bxf7 bxa4 23. Bxe6+ Kb8 24. bxa4 Rd2 25. Reb1 Rb2 26. Qd1 Ka8 27. Rxb2 Qxb2 28. f4 Rf8 29. Rb1 Qc3 30. Kh1 Qe3 31. Qd7 Rb8 32. Rf1 Qe2 33. Rb1 Qe4 34. Rf1 Rf8 35. Bf7 h5 36. Qe7 Rh8 37. c5 h4 38. h3 Qd3 39. Rg1 Bc8 40. Qd6 Qe4 41. e6 Qf5 42. Qe5 Qh7 43. f5 Rg8 44. Bxg8 Qxg8 45. e7 Bd7 46. Rd1 1-0

[Event "HUN-chT2 Barcza 0910"]
[Site "Hungary"]
[Date "2010.04.18"]
[Round "10.1"]
[White "Kiss, Sandor"]
[Black "Vasvari, Tamas"]
[Result "1-0"]
[WhiteElo "2093"]
[BlackElo "2157"]
[PlyCount "41"]
[EventDate "2009.11.08"]
[EventType "team-tourn"]
[EventRounds "11"]
[EventCountry "HUN"]
[SourceTitle "EXT 2011"]
[Source "ChessBase"]
[SourceDate "2010.11.26"]
[SourceVersion "1"]
[SourceVersionDate "2010.11.26"]
[SourceQuality "1"]
[WhiteTeam "Tiszavasvar"]
[BlackTeam "Nyiregyhaza"]
[WhiteTeamCountry "HUN"]
[BlackTeamCountry "HUN"]

1. e4 c5 2. Nc3 Nc6 3. g3 g6 4. Bg2 Bg7 5. Nge2 e6 6. a3 Nge7 7. b4 cxb4 8. axb4 Nxb4 9. Ba3 Nbc6 10. 0-0 d5 11. exd5 exd5 12. Nf4 d4 13. Bxc6+ Nxc6 14. Re1+ Kd7 15. Qf3 b6 16. Nb5 Bb7 17. Nd6 Rb8 18. Nxf7 Qf6 19. Qd5+ Kc8 20. Nd6+ Kc7 21. Ne6+ 1-0

[Event "HUN-chT2 Barcza 0809"]
[Site "Hungary"]
[Date "2008.11.02"]
[Round "2.7"]
[White "Tiszoczki, Gabor"]
[Black "Vasvari, Tamas"]
[Result "0-1"]
[WhiteElo "1911"]
[BlackElo "2140"]
[PlyCount "90"]
[EventDate "2008.10.26"]
[EventType "team-tourn"]
[EventRounds "11"]
[EventCountry "HUN"]
[SourceTitle "EXT 2010"]
[Source "ChessBase"]
[SourceDate "2010.11.25"]
[SourceVersion "1"]
[SourceVersionDate "2010.11.25"]
[SourceQuality "1"]
[WhiteTeam "Edeleny"]
[BlackTeam "Nyiregyhaza"]
[WhiteTeamCountry "HUN"]
[BlackTeamCountry "HUN"]

1. d4 d5 2. Nf3 Nf6 3. g3 e6 4. Bg2 Bd6 5. 0-0 0-0 6. Ne5 c5 7. c3 Nc6 8. Nxc6 bxc6 9. Qc2 Qb6 10. e3 Ba6 11. Re1 Nd7 12. Nd2 f5 13. Nf3 Rab8 14. b3 e5 15. Bf1 e4 16. dxc5 Bxc5 17. Nd4 Bxf1 18. Rxf1 Ne5 19. Kg2 Bxd4 20. cxd4 Nf3 21. Ba3 Rf6 22. Be7 Rh6 23. Rh1 Qc7 24. Ba3 g5 25. h3 f4 26. exf4 gxf4 27. Bc1 Rg6 28. g4 Nxd4 29. Qd2 f3+ 30. Kf1 Qb6 31. Qe3 Qb5+ 32. Kg1 Ne2+ 33. Kh2 Qb7 34. Re1 Qc7+ 35. Kh1 Qe5 36. Rb1 d4 37. Bb2 dxe3 38. Bxe5 Re8 39. Rxe2 fxe2 40. Bg3 Rf6 41. Kg2 exf2 42. Bxf2 e3 43. Bg1 Ref8 44. Re1 Rf2+ 45. Kh1 R8f3 0-1

[Event "Gibraltar Masters 6th"]
[Site "Gibraltar"]
[Date "2008.01.29"]
[Round "8"]
[White "Vasvari, Tamas"]
[Black "Hagen, Anders Gjerdrum"]
[Result "1/2-1/2"]
[WhiteElo "2174"]
[BlackElo "2049"]
[PlyCount "111"]
[EventDate "2008.01.22"]
[EventType "swiss"]
[EventRounds "10"]
[EventCountry "ENG"]
[SourceTitle "CBM 122 Extra"]
[Source "ChessBase"]
[SourceDate "2008.03.04"]
[SourceVersion "1"]
[SourceVersionDate "2008.03.04"]
[SourceQuality "1"]

1. e4 c5 2. Nf3 Nc6 3. d4 cxd4 4. Nxd4 Nf6 5. Nc3 d6 6. Bg5 e6 7. Qd2 a6 8. 0-0-0 Bd7 9. f4 b5 10. Bxf6 gxf6 11. a3 Qb6 12. Nxc6 Bxc6 13. Bd3 b4 14. axb4 Qxb4 15. Nb1 Qb6 16. Qc3 Rg8 17. g3 Rb8 18. Nd2 Qb7 19. Nc4 Bd7 20. Qxf6 Qb4 21. Qd4 d5 22. exd5 Bg7 23. c3 Bxd4 24. cxb4 exd5 25. Bxh7 Rh8 26. Rxd4 Rxh7 27. Ne5 Be6 28. h4 Rc8+ 29. Kd2 Ke7 30. g4 Rg8 31. f5 Kf6 32. Nd3 Bc8 33. Rf4 Ke7 34. Ke3 Bb7 35. Rh2 f6 36. Rd4 Kd6 37. Kf4 Bc8 38. h5 Rhg7 39. Kf3 Bd7 40. Rh4 Ba4 41. Nc5 Ke5 42. Ke3 Bc2 43. Nxa6 Be4 44. Nc5 Rxg4 45. Rxg4 Rxg4 46. Nxe4 dxe4 47. Rc4 Rg3+ 48. Ke2 Rh3 49. b5 Rxh5 50. Rb4 Kxf5 51. b6 Rh8 52. b7 Rb8 53. Ke3 Ke5 54. Rb5+ Kd6 55. Kxe4 Kc6 56. Rb3 1/2-1/2

[Event "Gibraltar Masters 6th"]
[Site "Gibraltar"]
[Date "2008.01.28"]
[Round "7"]
[White "Gibson, Christopher A"]
[Black "Vasvari, Tamas"]
[Result "1/2-1/2"]
[WhiteElo "2019"]
[BlackElo "2174"]
[PlyCount "68"]
[EventDate "2008.01.22"]
[EventType "swiss"]
[EventRounds "10"]
[EventCountry "ENG"]
[SourceTitle "CBM 122 Extra"]
[Source "ChessBase"]
[SourceDate "2008.03.04"]
[SourceVersion "1"]
[SourceVersionDate "2008.03.04"]
[SourceQuality "1"]

1. d4 d5 2. c4 c6 3. Nf3 Nf6 4. Nc3 dxc4 5. a4 Bf5 6. e3 e6 7. Bxc4 Nbd7 8. 0-0 a5 9. Qe2 Bg4 10. Rd1 Qc7 11. e4 Bb4 12. Bg5 0-0 13. Rac1 h6 14. Bxf6 Nxf6 15. e5 Nd7 16. h3 Bxf3 17. Qxf3 Rfd8 18. Rd3 Qb6 19. Ne4 Be7 20. b3 Qb4 21. Qh5 Rf8 22. Rg3 Kh8 23. Rcc3 Qa3 24. Bxe6 fxe6 25. Rxg7 Kxg7 26. Rg3+ Bg5 27. Nxg5 Qc1+ 28. Kh2 hxg5 29. Rxg5+ Qxg5 30. Qxg5+ Kf7 31. Qh5+ Ke7 32. Qg5+ Ke8 33. Qg6+ Ke7 34. Qg5+ Ke8 1/2-1/2

[Event "Gibraltar Challengers"]
[Site "Gibraltar"]
[Date "2008.01.26"]
[Round "5"]
[White "Joseph, Adrian"]
[Black "Vasvari, Tamas"]
[Result "0-1"]
[WhiteElo "1958"]
[BlackElo "2174"]
[PlyCount "70"]
[EventDate "2008.01.22"]
[EventType "swiss"]
[EventRounds "5"]
[EventCountry "ENG"]
[SourceTitle "CBM 122 Extra"]
[Source "ChessBase"]
[SourceDate "2008.03.04"]
[SourceVersion "1"]
[SourceVersionDate "2008.03.04"]
[SourceQuality "1"]

1. b3 e5 2. Bb2 Nc6 3. e3 d6 4. Nf3 Bg4 5. Be2 Nf6 6. a3 Be7 7. Ng5 Bf5 8. Nf3 Qd7 9. d3 h6 10. Nbd2 0-0 11. Nf1 Bh7 12. Ng3 Nd8 13. Rc1 c6 14. 0-0 Ne8 15. Nd2 f5 16. f4 exf4 17. exf4 Bf6 18. Bxf6 Nxf6 19. Qe1 Re8 20. Qf2 Ne6 21. Rce1 Nd5 22. Nh5 Qf7 23. c4 Ndc7 24. Bd1 Bg6 25. Ng3 Qf6 26. Ne2 Qb2 27. Qg3 Qxd2 28. Qxg6 Qxd3 29. Rf3 Qd2 30. Ref1 Rf8 31. Ng3 Rf6 32. Qh5 Raf8 33. Kh1 Nd4 34. R3f2 Qa5 35. c5 dxc5 0-1

[Event "Gibraltar Challengers"]
[Site "Gibraltar"]
[Date "2008.01.23"]
[Round "2"]
[White "Vasvari, Tamas"]
[Black "Bryn, Askild"]
[Result "1/2-1/2"]
[WhiteElo "2174"]
[BlackElo "1997"]
[PlyCount "68"]
[EventDate "2008.01.22"]
[EventType "swiss"]
[EventRounds "5"]
[EventCountry "ENG"]
[SourceTitle "CBM 122 Extra"]
[Source "ChessBase"]
[SourceDate "2008.03.04"]
[SourceVersion "1"]
[SourceVersionDate "2008.03.04"]
[SourceQuality "1"]

1. e4 c5 2. Nf3 Nc6 3. d4 cxd4 4. Nxd4 e5 5. Nb5 h6 6. Nd6+ Bxd6 7. Qxd6 Qe7 8. Qd3 Nf6 9. c4 Nd4 10. Nc3 0-0 11. f4 d6 12. f5 a6 13. a4 b6 14. Be3 Bb7 15. Be2 Rac8 16. Bxd4 exd4 17. Qxd4 Nxe4 18. Nxe4 Qxe4 19. Qxe4 Bxe4 20. 0-0 Rfe8 21. f6 Bxg2 22. Rf2 Be4 23. fxg7 Re5 24. Rd1 Rd8 25. Bf3 Kxg7 26. Rd4 Bxf3 27. Rxf3 f6 28. Rb3 b5 29. axb5 axb5 30. cxb5 Rb8 31. b6 d5 32. Kf2 Re6 33. b7 Re7 34. Rxd5 Rexb7 1/2-1/2

[Event "Gibraltar Masters 6th"]
[Site "Gibraltar"]
[Date "2008.01.23"]
[Round "2"]
[White "Vasvari, Tamas"]
[Black "Marks, Ian Alexander"]
[Result "1-0"]
[WhiteElo "2174"]
[BlackElo "1919"]
[PlyCount "49"]
[EventDate "2008.01.22"]
[EventType "swiss"]
[EventRounds "10"]
[EventCountry "ENG"]
[SourceTitle "CBM 122 Extra"]
[Source "ChessBase"]
[SourceDate "2008.03.04"]
[SourceVersion "1"]
[SourceVersionDate "2008.03.04"]
[SourceQuality "1"]

1. e4 c5 2. Nf3 d6 3. d4 cxd4 4. Nxd4 Nf6 5. Nc3 a6 6. Bg5 e6 7. f4 Nc6 8. Nxc6 bxc6 9. e5 h6 10. Bh4 g5 11. fxg5 Nd5 12. Ne4 Qb6 13. Bd3 dxe5 14. Bf2 Qxb2 15. 0-0 hxg5 16. g3 Be7 17. c4 Nc3 18. Qf3 Bd7 19. Nf6+ Kd8 20. Rac1 Rc8 21. Rc2 Qa3 22. Bb6+ Rc7 23. Bxc7+ Kxc7 24. Kh1 Qb4 25. Qe3 1-0

[Event "HUN-chT2 Barcza 0607"]
[Site "Hungary"]
[Date "2006.12.03"]
[Round "3"]
[White "Berczes, Csaba"]
[Black "Vasvari, Tamas"]
[Result "1-0"]
[WhiteElo "2394"]
[BlackElo "2194"]
[PlyCount "121"]
[EventDate "2006.11.12"]
[EventType "team"]
[EventRounds "11"]
[EventCountry "HUN"]
[SourceTitle "EXT 2008"]
[Source "ChessBase"]
[SourceDate "2007.11.25"]
[SourceVersion "1"]
[SourceVersionDate "2007.11.25"]
[SourceQuality "1"]
[WhiteTeam "Hajduszoboszlo"]
[BlackTeam "Szabolcs Volan"]
[WhiteTeamCountry "HUN"]
[BlackTeamCountry "HUN"]

1. e4 c5 2. Nf3 e6 3. d4 cxd4 4. Nxd4 a6 5. Bd3 Nc6 6. Nxc6 dxc6 7. a4 a5 8. 0-0 Bc5 9. Nd2 e5 10. Nc4 f6 11. Kh1 Be6 12. Qh5+ Bf7 13. Qg4 g5 14. Be3 Qe7 15. Rad1 h5 16. Qe2 Nh6 17. Bxc5 Qxc5 18. Qe3 Qxe3 19. Nxe3 0-0-0 20. Nc4 Rd4 21. Nxa5 Rxa4 22. Ra1 Rxa1 23. Rxa1 Rd8 24. Kg1 Rd4 25. f3 Kc7 26. b3 b5 27. Kf1 Kb6 28. Ke2 Be6 29. c3 Rd8 30. b4 Ra8 31. c4 Rd8 32. c5+ Kc7 33. Nxc6 Kxc6 34. Ra6+ Kd7 35. Bxb5+ Ke7 36. Ra7+ Kf8 37. Ra6 Ke7 38. Ra7+ Kf8 39. c6 Rb8 40. Rb7 Rc8 41. Rb6 Ke7 42. Ba6 Rc7 43. Kd3 Kd6 44. Bb7 Nf7 45. Kc3 Nd8 46. Kb2 Bc4 47. Ka3 Rf7 48. Ka4 Kc7 49. Ka5 Bf1 50. b5 Bxg2 51. Ba8 Bxf3 52. Ra6 Kd6 53. Kb6 Ne6 54. Ra3 g4 55. Rc3 Nc7 56. Rd3+ Ke6 57. Bb7 Bxe4 58. Bc8+ Ke7 59. Rd7+ Ke8 60. Kxc7 h4 61. b6 1-0

[Event "Kecskemet Caissa IM 09"]
[Site "Kecskemet"]
[Date "2005.09.18"]
[Round "3"]
[White "Lagerman, Robert"]
[Black "Vasvari, Tamas"]
[Result "1-0"]
[WhiteElo "2361"]
[BlackElo "2203"]
[PlyCount "81"]
[EventDate "2005.09.17"]
[EventType "tourn"]
[EventRounds "9"]
[EventCountry "HUN"]
[SourceTitle "CBM 108 Extra"]
[Source "ChessBase"]
[SourceDate "2005.11.04"]
[SourceVersion "1"]
[SourceVersionDate "2005.11.04"]
[SourceQuality "1"]

1. e4 e5 2. Nf3 Nf6 3. Nxe5 d6 4. Nc4 Nxe4 5. Nc3 Nxc3 6. dxc3 Be7 7. Bd3 Nd7 8. Qf3 Nc5 9. Be2 Bg5 10. Ne3 Bd7 11. Bc4 0-0 12. h4 Bxe3 13. Bxe3 Bc6 14. Qf4 Qf6 15. Qxf6 gxf6 16. f3 Rfe8 17. Kf2 b5 18. Bf1 Na4 19. Rb1 Bd7 20. Bd2 a6 21. b3 Nb6 22. h5 Bf5 23. Rc1 Kf8 24. g4 Be6 25. Bd3 Kg8 26. Rhg1 Kg7 27. h6+ Kh8 28. f4 c5 29. f5 c4 30. Be2 Bd7 31. Bf4 d5 32. Be3 Nc8 33. Bf3 Bc6 34. Bc5 Ne7 35. Bd4 Ng8 36. g5 Re5 37. Bxe5 fxe5 38. Bh5 Rf8 39. Rce1 f6 40. g6 hxg6 41. fxg6 1-0

[Event "Kecskemet Caissa IM-B 08"]
[Site "Kecskemet"]
[Date "2005.08.26"]
[Round "13"]
[White "Erdelyi, Tamas"]
[Black "Vasvari, Tamas"]
[Result "1-0"]
[WhiteElo "2278"]
[BlackElo "2203"]
[PlyCount "54"]
[EventDate "2005.08.20"]
[EventType "tourn"]
[EventRounds "14"]
[EventCountry "HUN"]
[SourceTitle "CBM 108 Extra"]
[Source "ChessBase"]
[SourceDate "2005.11.04"]
[SourceVersion "1"]
[SourceVersionDate "2005.11.04"]
[SourceQuality "1"]

1. c4 Nf6 2. Nf3 e6 3. g3 b6 4. Bg2 Bb7 5. 0-0 Be7 6. Nc3 0-0 7. d4 Ne4 8. Bd2 d5 9. cxd5 exd5 10. Qb3 Re8 11. Bf4 Nxc3 12. bxc3 Nc6 13. Rfe1 Bf6 14. Qc2 Na5 15. Be5 Be7 16. Rad1 Qd7 17. Bf4 f6 18. h4 Bd6 19. Bxd6 cxd6 20. Kh2 Qc6 21. Bh3 g6 22. h5 Kf7 23. Nh4 Rg8 24. hxg6+ hxg6 25. e4 Bc8 26. exd5 Qxd5 27. Bg2 Qh5 1-0

[Event "Kecskemet Caissa IM-B 08"]
[Site "Kecskemet"]
[Date "2005.08.25"]
[Round "9"]
[White "Vasvari, Tamas"]
[Black "Eisenbeiser, Amadeus"]
[Result "0-1"]
[WhiteElo "2203"]
[BlackElo "2318"]
[PlyCount "68"]
[EventDate "2005.08.20"]
[EventType "tourn"]
[EventRounds "14"]
[EventCountry "HUN"]
[SourceTitle "CBM 108 Extra"]
[Source "ChessBase"]
[SourceDate "2005.11.04"]
[SourceVersion "1"]
[SourceVersionDate "2005.11.04"]
[SourceQuality "1"]

1. e4 c5 2. Nf3 e6 3. d4 cxd4 4. Nxd4 a6 5. Nc3 b5 6. Bd3 Qb6 7. Be3 Bc5 8. Be2 Nc6 9. Nxc6 dxc6 10. Bxc5 Qxc5 11. Qd3 Nf6 12. 0-0-0 0-0 13. f4 e5 14. f5 a5 15. g4 a4 16. g5 Nd7 17. a3 b4 18. axb4 Qxb4 19. Qc4 Qb6 20. g6 Nc5 21. gxf7+ Kh8 22. Rhe1 Ra7 23. Rd6 Ba6 24. Qa2 a3 25. Bh5 axb2+ 26. Qxb2 Qa5 27. Re3 Bc4 28. Nd1 Rb7 29. Qc3 Qb5 30. Nb2 Bf1 31. f6 gxf6 32. Rxf6 Bg2 33. Be2 Qb4 34. Qxe5 Nd7 0-1

[Event "Budapest FS08 IM-C"]
[Site "Budapest"]
[Date "2005.08.13"]
[Round "8"]
[White "Blodstein, Boris"]
[Black "Vasvari, Tamas"]
[Result "1/2-1/2"]
[WhiteElo "2249"]
[BlackElo "2203"]
[PlyCount "116"]
[EventDate "2005.08.06"]
[EventType "tourn"]
[EventRounds "11"]
[EventCountry "HUN"]
[EventCategory "2"]
[SourceTitle "CBM 107 Extra"]
[Source "ChessBase"]
[SourceDate "2005.09.01"]
[SourceVersion "1"]
[SourceVersionDate "2005.09.01"]
[SourceQuality "1"]

1. Nf3 Nf6 2. c4 e6 3. d4 b6 4. g3 Ba6 5. b3 Bb4+ 6. Bd2 Be7 7. Bg2 c6 8. 0-0 d5 9. Qc2 0-0 10. Re1 Nbd7 11. cxd5 cxd5 12. Nc3 Rc8 13. Qb2 Bd6 14. a3 Qe7 15. Bf4 Bxf4 16. gxf4 Ne8 17. e4 dxe4 18. Nxe4 Ndf6 19. Ng3 Nd5 20. Qd2 Qd6 21. f5 Nf4 22. Bf1 Bxf1 23. Kxf1 Rd8 24. Ne4 Qc7 25. Rac1 Qb8 26. Ne5 Qxe5 27. dxe5 Rxd2 28. Nxd2 Nd3 29. Rc8 Nxe1 30. Kxe1 exf5 31. Nc4 b5 32. Na5 f6 33. e6 Nd6 34. Rc6 Ne4 35. e7 Re8 36. Rc7 a6 37. Nb7 Kf7 38. f3 Rxe7 39. Rxe7+ Kxe7 40. fxe4 fxe4 41. Nc5 f5 42. Nxa6 Kd6 43. Nb4 Kc5 44. Nc2 g5 45. Ne3 f4 46. Ng4 Kd4 47. a4 bxa4 48. bxa4 e3 49. Nxe3 fxe3 50. Ke2 h5 51. a5 Kc5 52. Kxe3 Kb5 53. Ke4 Kxa5 54. Kf5 h4 55. h3 Kb6 56. Kxg5 Kc7 57. Kxh4 Kd8 58. Kg5 Ke8 1/2-1/2

[Event "Budapest FS08 IM-C"]
[Site "Budapest"]
[Date "2005.08.10"]
[Round "5"]
[White "Vasvari, Tamas"]
[Black "Pedersen, Daniel Vesterbaek"]
[Result "1-0"]
[WhiteElo "2203"]
[BlackElo "2296"]
[PlyCount "45"]
[EventDate "2005.08.06"]
[EventType "tourn"]
[EventRounds "11"]
[EventCountry "HUN"]
[EventCategory "2"]
[SourceTitle "CBM 107 Extra"]
[Source "ChessBase"]
[SourceDate "2005.09.01"]
[SourceVersion "1"]
[SourceVersionDate "2005.09.01"]
[SourceQuality "1"]

1. e4 e5 2. Nf3 Nc6 3. Nc3 Nf6 4. Bb5 Bd6 5. d4 exd4 6. Nxd4 a6 7. Be2 Nxd4 8. Qxd4 Qe7 9. Bg5 Be5 10. Qe3 h6 11. Bxf6 Qxf6 12. Nd5 Qd8 13. 0-0-0 g5 14. g3 b5 15. f4 Bg7 16. Qc5 c6 17. Bg4 cxd5 18. exd5 d6 19. Qc6+ Ke7 20. Rde1+ Kf6 21. Bh5 Be6 22. Qc3+ Ke7 23. Qxg7 1-0

[Event "Budapest FS08 IM-C"]
[Site "Budapest"]
[Date "2005.08.07"]
[Round "2"]
[White "Torma, Robert"]
[Black "Vasvari, Tamas"]
[Result "1-0"]
[WhiteElo "2272"]
[BlackElo "2203"]
[PlyCount "105"]
[EventDate "2005.08.06"]
[EventType "tourn"]
[EventRounds "11"]
[EventCountry "HUN"]
[EventCategory "2"]
[SourceTitle "CBM 107 Extra"]
[Source "ChessBase"]
[SourceDate "2005.09.01"]
[SourceVersion "1"]
[SourceVersionDate "2005.09.01"]
[SourceQuality "1"]

1. e4 d6 2. d4 Nf6 3. Nc3 g6 4. f4 Bg7 5. Nf3 0-0 6. e5 dxe5 7. fxe5 Nd5 8. Bc4 Be6 9. Nxd5 Bxd5 10. Bxd5 Qxd5 11. Qe2 c5 12. c4 Qd7 13. d5 e6 14. d6 f6 15. Bf4 fxe5 16. Bxe5 Bxe5 17. Qxe5 Rf5 18. Qg3 e5 19. Rd1 Qa4 20. 0-0 Nd7 21. Nd2 Raf8 22. Qd3 Qc6 23. Ne4 Rf4 24. Rde1 b6 25. Ng5 Rg4 26. Rxf8+ Nxf8 27. Ne4 Rf4 28. g3 Rf5 29. Rf1 Rxf1+ 30. Kxf1 Nd7 31. b3 Kg7 32. Kf2 Qa8 33. Qf3 Qf8 34. Ke3 Qxf3+ 35. Kxf3 h6 36. Nc3 Kf7 37. Nb5 Ke6 38. Nxa7 Kxd6 39. Nb5+ Ke6 40. Nc7+ Kd6 41. Nd5 b5 42. a4 bxa4 43. bxa4 Nb8 44. a5 Na6 45. Nc3 Ke6 46. Nb5 h5 47. Ke4 g5 48. h3 Nb4 49. Nc7+ Kd6 50. Ne8+ Ke7 51. Ng7 g4 52. hxg4 hxg4 53. Kxe5 1-0

[Event "HUN-chT2 Barcza 0203"]
[Site "Hungary"]
[Date "2003.02.02"]
[Round "6"]
[White "Herman, Tamas"]
[Black "Vasvari, Tamas"]
[Result "1-0"]
[WhiteElo "2242"]
[BlackElo "2204"]
[PlyCount "77"]
[EventDate "2002.09.22"]
[EventType "team"]
[EventRounds "11"]
[EventCountry "HUN"]
[SourceTitle "EXT 2009"]
[Source "ChessBase"]
[SourceDate "2008.11.26"]
[SourceVersion "1"]
[SourceVersionDate "2008.11.26"]
[SourceQuality "1"]

1. e4 c5 2. Nc3 Nc6 3. d3 g6 4. Be3 d6 5. g3 Bg7 6. Bg2 e6 7. Qd2 Rb8 8. h4 h5 9. Nh3 Nge7 10. 0-0 b5 11. f4 b4 12. Nd1 Qa5 13. Ng5 Nd4 14. e5 Nef5 15. Ne4 d5 16. Nf6+ Bxf6 17. exf6 Nxg3 18. Re1 Ngf5 19. c3 bxc3 20. bxc3 Nc6 21. Qf2 Kd7 22. Bxc5 Nxh4 23. Bh1 Nf5 24. c4 d4 25. Bxc6+ Kxc6 26. Re5 Qd8 27. Qc2 Qxf6 28. Qa4+ Kc7 29. Bxa7 Rb7 30. Rc5+ Kd8 31. Qa5+ Kd7 32. Rb1 Rxb1 33. Rc7+ Kd8 34. Rxf7+ Ke8 35. Rxf6 Rxd1+ 36. Kf2 Ke7 37. Rxg6 Kf7 38. Rg5 Rxd3 39. Qc7+ 1-0